Weg ins 19. Jahrhundert
| Titel: | Weg ins 19. Jahrhundert |
|---|---|
| Verfasser: | |
| In: |
Neue politische Literatur, Band 56, Heft 2 (2011), Seite 295-296 alle Artikel anzeigen |
| Veröffentlicht: | 2011 |
| Format: | Aufsatz |
| Sprache: | Deutsch |
X
alg: 39493022
001A $01999:12-11-16
001B $01999:04-08-21 $t20:59:37.000
001C $06050:19-11-16 $t08:31:57.000
001D $01999:12-11-16
001U $0utf8
001X $00
002@ $0Aox
003@ $0394930223
007A $0394930223 $aHEB
007T $0Herdc0075269m
010@ $ager
011@ $a2011
021A $aWeg ins 19. Jahrhundert
028A $71056936363 $8Wienfort, Monika$Z1961- [Tp3] $9346534143
031A $d56 $e2 $h295-296 $j2011
039B $aIn $8--Abvc--. Neue politische Literatur. - Wiesbaden : Springer VS, 1956-. - ISSN 0028-3320 $x201100000560002705 $9046846980
039T $8--Aau--. Krieg und Umbruch in Mitteleuropa um 1800. - Paderborn {[u.a.] : Schöningh, 2009. - 384 S.. - Kt.. - ISBN 978-3-506-75661-9 $9195047184
045F $a900.9437 $eDDC23BSB
045F/01 $a900
045F/03 $g437
045T $a3,6
lok: 39493022 78
exp: 39493022 78 1 #EPN
201B/01 $018-11-16 $t13:10:39.000
201U/01 $0utf8
203@/01 $0791228800
208@/01 $a12-11-16 $be
209A/01 $a/ $f000 $x00
220C/01 $aTitelaufnehmer: gk;ak
220C/01 $aHerkunft: HI Marburg
244Z/01 $2Trx $#Kesk- ja Ida- Euroopa kontseptsioonid $#Vidurio Europos koncepcijos $#East-Central Europe $#Keletközépeurópa-eszmék $#Europa Środkowo-Wschodnia koncepcje $#Európa stredovýchodná koncepcie $#Evropa střední, východní část koncepce $#Mitteleuropa $#Osteuropakonzeptionen $#Europa Środkowa koncepcje $#Stredná Európa koncepcie $#Střední Europa koncepce $8--Trx--Ostmitteleuropakonzeptionen $x01 $9391364286
244Z/01 $2Trx $#arvustused $#recenzijos $#Reviews $#recenziók $#recenzje $#recenzie $#recenze $8--Trx--Rezensionen $x02 $9391357441
247C/01 $82080>Marburg/Lahn, Herder-Institut, Forschungsbibliothek, Bibliographieportal $9336309341
| LEADER | 00000caa a22000002c 4500 | ||
|---|---|---|---|
| 001 | 394930223 | ||
| 003 | DE-603 | ||
| 005 | 20210804205937.0 | ||
| 007 | tu | ||
| 008 | 161112s2011 xx |||| | u00||u|ger c | ||
| 035 | |a (DE-599)HEB394930223 | ||
| 040 | |a DE-603 |b ger |c DE-603 |d DE-603 | ||
| 041 | |a ger | ||
| 082 | 0 | 4 | |8 1\u |a 900.9437 |q DE-101 |2 23/BSB |
| 084 | |a 3,6 |2 ssgn | ||
| 085 | |8 1\u |b 900 | ||
| 085 | |8 1\u |z 2 |s 437 | ||
| 100 | 1 | |a Wienfort, Monika |d 1961- |0 (DE-603)346534143 |0 (DE-588)1056936363 |2 gnd | |
| 245 | 0 | 0 | |a Weg ins 19. Jahrhundert |
| 264 | 0 | |c 2011 | |
| 773 | 0 | 8 | |i In |t Neue politische Literatur |d Wiesbaden : Springer VS, 1956- |x 0028-3320 |g Band 56, Heft 2 (2011), Seite 295-296 |w (DE-603)046846980 |w (DE-600)3402-2 |
| 787 | 0 | 8 | |i Rezension von |t Krieg und Umbruch in Mitteleuropa um 1800 |d Paderborn [u.a.] : Schöningh, 2009 |h 384 S., Kt. |z 9783506756619 |z 3506756613 |w (DE-603)195047184 |
| 924 | 0 | |9 2080 |a (DE-603)791228800 |b DE-2080 |c HES |d d |g / | |


